Eastern Utah Libraries Catalog: Duchesne, Heber, Roosevelt, & Vernal

West with giraffes : (Record no. 363078)

MARC details
000 -LEADER
fixed length control field 02413cam a2200409 i 4500
001 - CONTROL NUMBER
control field on1155553805
003 - CONTROL NUMBER IDENTIFIER
control field OCoLC
005 - DATE AND TIME OF LATEST TRANSACTION
control field 20210713113959.0
008 - FIXED-LENGTH DATA ELEMENTS--GENERAL INFORMATION
fixed length control field 200529t20212021wau b 001 f eng d
020 ## - INTERNATIONAL STANDARD BOOK NUMBER
International Standard Book Number 9781542021746 (hbk.)
020 ## - INTERNATIONAL STANDARD BOOK NUMBER
International Standard Book Number 154202174X (hbk.)
035 ## - SYSTEM CONTROL NUMBER
System control number (OCoLC)1155553805
035 ## - SYSTEM CONTROL NUMBER
System control number 1691532
040 ## - CATALOGING SOURCE
Original cataloging agency YDX
Language of cataloging eng
Description conventions rda
Transcribing agency YDX
Modifying agency YDX
-- IEB
-- OCLCO
-- DAD
043 ## - GEOGRAPHIC AREA CODE
Geographic area code n-us-ca
-- n-us---
092 ## - LOCALLY ASSIGNED DEWEY CALL NUMBER (OCLC)
Classification number F Rutledge
100 1# - MAIN ENTRY--PERSONAL NAME
Personal name Rutledge, Lynda,
Dates associated with a name 1950-
Relator term author.
9 (RLIN) 6422476
245 10 - TITLE STATEMENT
Title West with giraffes :
Remainder of title a novel /
Statement of responsibility, etc Lynda Rutledge.
250 ## - EDITION STATEMENT
Edition statement First edition.
264 #1 - Production, Publication, Distribution, Manufacture, and Copyright Notice.
Place of production, publication, distribution, manufacture Seattle :
Name of producer, publisher, distributor, manufacturer Lake Union Publishing,
Date of production, publication, distribution, manufacture, or copyr [2021]
264 #4 - Production, Publication, Distribution, Manufacture, and Copyright Notice.
Date of production, publication, distribution, manufacture, or copyr ©2021.
300 ## - PHYSICAL DESCRIPTION
Extent 356 pages ;
Dimensions 22 cm.
336 ## - Content Type
Content type term text
337 ## - Media type
Media type term unmediated
338 ## - Carrier type
Carrier type term volume
504 ## - BIBLIOGRAPHY, ETC. NOTE
Bibliography, etc Includes bibliographical references.
520 ## - SUMMARY, ETC.
Summary, etc "'Few true friends have I known and two were giraffes...' Woodrow Wilson Nickel, age 105, feels his life ebbing away. But when he learns giraffes are going extinct, he finds himself recalling the unforgettable experience he cannot take to his grave. It's 1938. The Great Depression lingers. Hitler is threatening Europe, and world-weary Americans long for wonder. They find it in two giraffes who miraculously survive a hurricane while crossing the Atlantic. What follows is a twelve-day road trip in a custom truck to deliver Southern California's first giraffes to the San Diego Zoo. Inspired by true events, the tale weaves real-life figures with fictional ones, including the world's first female zoo director, a crusty old man with a past, a young female photographer with a secret, and assorted reprobates as spotty as the giraffes. Part adventure, part historical saga, and part coming-of-age love story, West with Giraffes explores what it means to be changed by the grace of animals, the kindness of strangers, the passing of time, and a story told before it's too late"--Publisher.
610 20 - SUBJECT ADDED ENTRY--CORPORATE NAME
Corporate name or jurisdiction name as entry element San Diego Zoo
Form subdivision Fiction.
9 (RLIN) 6422477
650 #0 - SUBJECT ADDED ENTRY--TOPICAL TERM
Topical term or geographic name as entry element Zoo keepers
Form subdivision Fiction.
9 (RLIN) 6422478
650 #0 - SUBJECT ADDED ENTRY--TOPICAL TERM
Topical term or geographic name as entry element Human-animal relationships
Form subdivision Fiction.
9 (RLIN) 5676174
650 #0 - SUBJECT ADDED ENTRY--TOPICAL TERM
Topical term or geographic name as entry element Animal rescue
Form subdivision Fiction.
9 (RLIN) 5703047
650 #0 - SUBJECT ADDED ENTRY--TOPICAL TERM
Topical term or geographic name as entry element Giraffe
Form subdivision Fiction.
9 (RLIN) 5688166
650 #0 - SUBJECT ADDED ENTRY--TOPICAL TERM
Topical term or geographic name as entry element Interpersonal relations
Form subdivision Fiction.
9 (RLIN) 5673978
651 #0 - SUBJECT ADDED ENTRY--GEOGRAPHIC NAME
Geographic name United States
General subdivision History
Chronological subdivision 1933-1945
Form subdivision Fiction.
9 (RLIN) 5760467
907 ## - LOCAL DATA ELEMENT G, LDG (RLIN)
a .b444568116
942 ## - ADDED ENTRY ELEMENTS (KOHA)
Source of classification or shelving scheme Dewey Decimal Classification
Koha item type BOOK
Holdings
Withdrawn status Lost status Source of classification or shelving scheme Damaged status Not for loan Collection code Home library Current library Shelving location Date acquired Source of acquisition Total Checkouts Total Renewals Full call number Barcode Date last seen Date checked out Cost, replacement price Price effective from Koha item type
    Dewey Decimal Classification     Fiction Wasatch County Library Wasatch County Library First Floor 07/13/2021 Baker & Taylor 33 26 F Rutledge 34301001818469 01/21/2026 01/05/2026 24.95 07/13/2021 BOOK
This project was made possible through a grant from the Institute of Museum and Library Service administered by the Utah State Library Division.

Wasatch County Library

  • 465 East 1200 South, Heber City, Utah 84032
  • Phone 435-654-1511 | Fax 435-654-6456

Hours

  • Monday - Friday 9:30 AM - 8:00 PM
  • Saturday 9:30 AM - 1:30 PM
  • Closed Sundays and Holidays